Normal view
MARC view
- Economic assistance, Domestic
Entry Topical Term
001 - CONTROL NUMBER
- control field: 19953
003 - CONTROL NUMBER IDENTIFIER
- control field: NUST
005 - DATE AND TIME OF LATEST TRANSACTION
- control field: 20190904110424.0
008 - FIXED-LENGTH DATA ELEMENTS
- fixed length control field: 190904|| aca||aabn | a|a d
040 ## - CATALOGING SOURCE
- Original cataloging agency: NUST
- Transcribing agency: NUST
150 ## - HEADING--TOPICAL TERM
- Topical term or geographic name entry element: Economic assistance, Domestic
- Geographic subdivision: Developing countries
- General subdivision: Evaluation
- Form subdivision: Case studies.
670 ## - SOURCE DATA FOUND
- Source citation: Work cat.: (NUST)0: Rawlings, Laura, 1964- 19950, Evaluating social funds :, c2004.
